The Mahadev Kolis (Record no. 75547)
[ view plain ]
| 000 -LEADER | |
|---|---|
| fixed length control field | 00709cam a22002411 4500 |
| 001 - CONTROL NUMBER | |
| control field | sa 67005919 |
| 003 - CONTROL NUMBER IDENTIFIER | |
| control field | DLC |
| 005 - DATE AND TIME OF LATEST TRANSACTION | |
| control field | 20260227112402.0 |
| 008 - FIXED-LENGTH DATA ELEMENTS--GENERAL INFORMATION | |
| fixed length control field | 770718s1957 ii a b 000 0 eng |
| 010 ## - LIBRARY OF CONGRESS CONTROL NUMBER | |
| LC control number | sa 67005919 |
| 035 ## - SYSTEM CONTROL NUMBER | |
| System control number | (OCoLC)3123573 |
| 040 ## - CATALOGING SOURCE | |
| Original cataloging agency | DLC |
| Transcribing agency | TNJ |
| Modifying agency | OCoLC |
| -- | DLC |
| 042 ## - AUTHENTICATION CODE | |
| Authentication code | premarc |
| 050 00 - LIBRARY OF CONGRESS CALL NUMBER | |
| Classification number | DS432.K585 |
| Item number | G5 |
| 082 ## - DEWEY DECIMAL CLASSIFICATION NUMBER | |
| Classification number | 390/.0954 |
| 100 1# - MAIN ENTRY--PERSONAL NAME | |
| Personal name | Ghurye, G. S. |
| Fuller form of name | (Govind Sadashiv), |
| Dates associated with a name | 1893-1983. |
| 245 14 - TITLE STATEMENT | |
| Title | The Mahadev Kolis |
| Statement of responsibility, etc. | [by] G. S. Ghurye. |
| 260 ## - PUBLICATION, DISTRIBUTION, ETC. | |
| Place of publication, distribution, etc. | Bombay, |
| Name of publisher, distributor, etc. | Popular Book Depot, |
| Date of publication, distribution, etc. | 1957. |
| 300 ## - PHYSICAL DESCRIPTION | |
| Extent | 267 p. |
| Other physical details | illus. |
| Dimensions | 23 cm. |
| 500 ## - GENERAL NOTE | |
| General note | Cover title: The Mahadev Kolis, a scheduled tribe. |
| 504 ## - BIBLIOGRAPHY, ETC. NOTE | |
| Bibliography, etc. note | Bibliographical footnotes. |
| 650 #0 - SUBJECT ADDED ENTRY--TOPICAL TERM | |
| Topical term or geographic name entry element | Koli (Indic people) |
No items available.